000 01428cam a22003857a 4500
003 CHAP
005 20220329142148.0
008 000121s1999 mx a r 00010 spa d
010 _a79395
011 _a80367
035 _a90817
040 _cCHAP
090 _aTesis
100 0 0 _aCruz Turrubiates, Jose Refugio.
_929618
245 1 0 _aActividad microbiana en suelos de chahuitera con uso de Mucuna deeringiana (Bort) en Javier Jasso, Oaxaca, México
_c/por José Refugio Cruz Turrubiates
260 _aChapingo, Méx. :
_bEl autor,
_c1999
300 _a100 h. :
_bilus., gráfs.
502 _aTesis (Ing. en Agroecología) -- UACH. Departamento de Agroecología
590 _aALEPH
_b10
_c20130110
_lUCH01
_h1431
590 _aBATCH-UPD
_b10
_c20130110
_lUCH01
_h0822
590 _aBATCH-UPD
_b10
_c20130410
_lUCH01
_h0459
590 _aBATCH-UPD
_b10
_c20130914
_lUCH01
_h1817
590 _aCONVERSION
_b10
_c20130109
_lUCH01
_h1344
650 1 4 _aMicroorganismos en agricultura.
_975527
650 1 4 _aMucuna deeringiana.
_979258
650 1 4 _aSuelos
_xElementos minerales.
_9110356
650 1 4 _aSuelos
_xMicrobiología.
_9110434
650 1 4 _aSuelos
_xOaxaca.
_9110454
901 _aBK
905 _aPatricia Mendoza P.
942 _cFOLL
949 _bBC
_cTES
_d33724000753778
_eTS2
_fc.2
_h35141
_i90817
_sb
949 _bBC
_cTES
_d33724000753786
_eTS2
_fc.3
_h35142
_i90817
_si
949 _bBC
_cTES
_d908171
_eTS1
_h35140
_i90817
_sb
999 _c79395
_d79395